Escape The Backrooms Levels by Picture - Statistics

General Stats
  • This quiz has been taken 33 times
    27 since last reset
  • The average score is 24 of 38
Answer Stats
Picture Answer % Correct
The End
100%
Pipe Dreams
93%
Habitable Zone
86%
Level 0
86%
The Poolrooms
86%
Level Fun
79%
Terror Hotel - Lobby
79%
The Hub
79%
Field of Wheat
71%
Level 94 - Motion
71%
Run For Your Life!
71%
The Suburbs
71%
Abandoned Office
64%
Cave System
64%
Electrical Station
64%
Level Fun+
64%
Level You Cheated
64%
Lights Out
64%
Terror Hotel - Rooms
64%
Thalassophobia
64%
Level 188
57%
Level 3999
57%
Level 94 - Floating Castle
57%
Terror Hotel - Boiler Room
57%
Dark Poolrooms
50%
Hotel Chase
50%
Kitty’s House
50%
Level 0.11
50%
Level 0.2
50%
Level 55.1
50%
Level 6.1
50%
Level 9223372036854775807
50%
The Danger Zone
50%
Abandoned Outpost
43%
Overgrowth
43%
School Halls
43%
The Bunker
43%
The Grassrooms
43%
No matching quizzes found
Score Distribution
Percent of People with Each Score
Percentile by Number Answered
Your Score History
You have not taken this quiz since the last reset